Financial Statement and Revenue Estimates: (Record no. 6702)

000 -LEADER
fixed length control field 00361nam a22000977a 4500
008 - FIXED-LENGTH DATA ELEMENTS--GENERAL INFORMATION
fixed length control field 200324b ||||| |||| 00| 0 eng d
245 ## - TITLE STATEMENT
Title Financial Statement and Revenue Estimates:
Remainder of title For the Year from 1st July, 2009 to 30th June, 2010/
Statement of responsibility, etc. The United Republic of Tanzania.-
Medium English.
300 ## - PHYSICAL DESCRIPTION
Extent xi, 184p;
Dimensions 30cm.-
650 ## - SUBJECT ADDED ENTRY--TOPICAL TERM
Source of heading or term FINANCIAL STATEMENT
942 ## - ADDED ENTRY ELEMENTS (KOHA)
Source of classification or shelving scheme
Koha item type BOOKS
Holdings
Withdrawn status Lost status Source of classification or shelving scheme Damaged status Not for loan Home library Current library Date acquired Total Checkouts Barcode Date last seen Price effective from Koha item type
          Mwanza Mwanza 24/03/2020   10000002045 24/03/2020 24/03/2020 BOOKS
          Mwanza Mwanza 24/03/2020   10000002046 24/03/2020 24/03/2020 BOOKS
          Mwanza Mwanza 24/03/2020   10000002047 24/03/2020 24/03/2020 BOOKS

IRDP © 2019 :: Managed by IRDP ICT Unit